LEADER 00974nam0-22002891i-450- 001 990005878210403321 005 20051012132152.0 035 $a000587821 035 $aFED01000587821 035 $a(Aleph)000587821FED01 035 $a000587821 100 $a20000421d1987----km-y0itay50------ba 101 0 $aITA 105 $aaf------001yy 200 1 $a<>collezione di gemme del Museo Civico Archeologico di Bologna$f[a ura di] Anna Rita Mandrioli Bizzarri. 210 $aBologna$cComune di Bologna$d1987. 215 $a196 p.$etav. : 351 ill.$d30 cm 225 1 $aCatalogo delle collezioni del Museo civico archeologico di Bologna$v7 676 $a736.2$v21$zita 702 1$aMandrioli Bizzarri,$bAnna Rita 801 0$aIT$bUNINA$gRICA$2UNIMARC 901 $aBK 912 $a990005878210403321 952 $a736.2 CATALOGHI 1$bBibl.29830$fFLFBC 959 $aFLFBC 996 $aCollezione di gemme del Museo Civico Archeologico di Bologna$9563795 997 $aUNINA LEADER 01118nam a22002891i 4500 001 991001179029707536 005 20030905185918.0 008 040407s1968 it a||||||||||||||||ita 035 $ab12730865-39ule_inst 035 $aARCHE-071050$9ExL 040 $aDip.to Scienze Storiche$bita$cA.t.i. Arché s.c.r.l. Pandora Sicilia s.r.l. 082 04$a959 100 1 $aVilliers, John$0400519 245 12$aL'Asia sud-orientale prima del periodo coloniale /$cdi John Villiers 260 $aMilano :$bFeltrinelli,$c1968 300 $a363 p. :$bill., c. geogr. ;$c20 cm 440 0$aStoria universale Feltrinelli ;$v18 500 $aTrad. di Enzo Turbiani 651 4$aAsia sud-orientale$xStoria 700 1 $aTurbiani, Enzo 765 0 $tSudostasien vor der Kolonialzeit 907 $a.b12730865$b02-04-14$c16-04-04 912 $a991001179029707536 945 $aLE009 STOR.05-28$cV. 18$g1$i2009000107755$lle009$o-$pE0.00$q-$rl$s- $t0$u0$v0$w0$x0$y.i13264989$z16-04-04 996 $aAsia sud-orientale prima del periodo coloniale$9168421 997 $aUNISALENTO 998 $ale009$b16-04-04$cm$da $e-$fita$git $h2$i1 LEADER 07423oam 22005652 450 001 9910799924003321 005 20190524112633.0 010 $a1-351-05098-2 010 $a1-351-05096-6 010 $a1-351-05097-4 024 7 $a10.4324/9781351050982 035 $a(CKB)4100000008152589 035 $a(MiAaPQ)EBC5762965 035 $a(OCoLC)1085578016 035 $a(OCoLC-P)1085578016 035 $a(FlBoTFG)9781351050982 035 $a(CaSebORM)9781351050968 035 $a(PPN)240761200 035 $a(EXLCZ)994100000008152589 100 $a20190207d2019 uy 0 101 0 $aeng 135 $aur||||||||||| 181 $ctxt$2rdacontent 182 $cc$2rdamedia 183 $acr$2rdacarrier 200 04$aThe commons in a glocal world $eglobal connections and local responses /$fedited by Tobias Haller, Thomas Breu, Tine De Moor, Christian Rohr, Heinzpeter Zonj 210 1$aAbingdon, Oxon ;$aNew York, NY :$cRoutledge,$d2019. 215 $a1 online resource (527 pages) $cillustrations, maps 311 08$a1-138-48481-4 327 $aConstitutionality and identity : bottom-up institution building and identity among coastal Sami in northern Norway / Angelika La?tsch -- Swiss alpine pastures as common property : a success story of bottom-up institution-building in sumvitg, canton of grisons, switzerland / Gabriela Landolt -- Impacts of large-scale land acquisitions on common-pool resources : evidence from the land matrix / Markus Giger, Kerstin Nolte Ward Anseeuw, Thomas Breu, Wytske O. Chamberlain, Peter Messerli, Christoph Oberlack and Tobias Haller -- "They said they were bringing a development project" : "best-practice" large-scale land acquisition or "commons grabbing" in Ghana's Volta region? / Kristina Lanz -- Grabbing the female commons : large-scale land acquisitions for forest plantations and impacts on gender relations in Kilolo District, Iringa Region, Tanzania / De?sire?e Gmu?r -- Gendered impacts and coping strategies in the case of a Swiss bioenergy project in sierra leone / Franziska Marfurt -- The open cut : mining, transnational corporations and the commons / Thomas Niederberger, Madlen Kobi and Tobias Haller -- Are green energy investments levelled by the "new commons"? : compensations, CSR measures and gendered impacts of a solar energy project in Morocco / Sarah Ryser -- Global changes in local governance of the commons : the case of the African Parks Foundation engagement in Nech Sar National Park, Ethiopia / Girma Kelboro and Till Stellmacher -- Discourse and entanglement in a transnational conservation arena : deciphering the ideologies and narratives behind conservation discourse in the "glocal" commons in Kenya / Samuel Weissman -- Rain forest anomy : national parks, REDD+ implementation and the run to the forest in Jambi, Indonesia / Heinzpeter Znoj, Rahel Jud and Yudi Bachtiakora -- A structured checklist to identify connections between land grabbing and water grabbing / Insa Theesfeld -- International investment agreements and mega-regionals : promoting or undermining the right to water? / Rodrigo Polanco Lazo and Azernoosh Bazrafkan -- The human right to water in India : in search of an alternative commons-based approach in the context of climate change / Birsha Ohdedar. 327 $aIntroduction : on commons in a "glocal" world : linking local and global systems, power processes and local reactions in the management of common pool resources / Tobias Haller, Thomas Breu, Christian Rohr, Tine de Moor and Heinzpeter Znoj -- Shared ownership as key issue of swiss history : common pool resources, common property institutions and their impact on the political culture of Switzerland from the beginnings to our days / Daniel Schla?ppi -- Social causality of our common climate crisis : toward a sociodicy for the anthropocene / Jesse Ribot -- Disruption, community, and resilient governance : environmental justice in the anthropocene / David Schlosberg -- A definition of the commons, between human rights, resistance, and social change / Elisabetta Cangelosi -- Towards a new institutional political ecology : how to marry external effects, institutional change and the role of power and ideology in commons studies / Tobias Haller -- Common challenges, different fates : the causal factors of failure or success in the commons : the pre-modern Brecklands (England) and the Campine (southern Low Countries) compared / Mai?ka De Keyzer -- For the common good : regulating the Lake Constance fisheries from 1350 to 1800 / Michael Zeheter -- The commons in highland and lowland Switzerland over time : transformations in their organisation and survival strategies (seventeenth to twentieth century) / Anne-Lise Head-Ko?nig -- From natural supply to financial yields : the common fields of the Bernese civic corporation since the seventeenth century / Martin Stuber and Sarah Baumgartner -- Universal values and the protection of commons : fighting corruption with bottom-up process in Mallorca / Ramez Eid 330 $aThis volume focuses on how, in Europe, the debate on the commons is discussed in regard to historical and contemporary dimensions, critically referencing the work of Elinor Ostrom. It also explores from the perspective of new institutional political ecology (NIPE) how Europe directly and indirectly affected and affects the commons globally. Most of the research on the management of commons pool resources is limited to dealing with one of two topics: either the interaction between local participatory governance and development of institutions for commons management, or a political- economy approach that focuses on global change as it is related to the increasingly globalised expansion of capitalist modes of production, consumption and societal reproduction. This volume bridges the two, addressing how global players affect the commons worldwide and how they relate to responses emerging from within the commons in a global- local (glocal) world. Authors from a range of academic disciplines present research findings on recent developments on the commons, including: historical insights; new innovations for participatory institutions building in Europe or several types of commons grabbing, especially in Africa related to European investments; and restrictions on the management of commons at the international level. European case studies are included, providing interesting examples of local participation in commons resource management, while simultaneously showing Europe as a centre for globalized capitalism and its norms and values, affecting the rest of the world, particularly developing countries. This book will be of interest to students and researchers from a wide range of disciplines including natural resource management, environmental governance, political geography and environmental history. 606 $aCommons 606 $aGlocalization 606 $aInternational business enterprises 615 0$aCommons. 615 0$aGlocalization. 615 0$aInternational business enterprises. 676 $a333.2 702 $aHaller$b Tobias 702 $aBreu$b Thomas 702 $aMoor$b Tine de 702 $aRohr$b Christian 702 $aZonj$b Heinzpeter 801 0$bOCoLC-P 801 1$bOCoLC-P 906 $aBOOK 912 $a9910799924003321 996 $aThe commons in a glocal world$93874820 997 $aUNINA LEADER 03613nam 22005775 450 001 9910350310703321 005 20200703140418.0 010 $a981-13-2441-7 024 7 $a10.1007/978-981-13-2441-3 035 $a(CKB)4100000007110783 035 $a(MiAaPQ)EBC5596988 035 $a(DE-He213)978-981-13-2441-3 035 $a(PPN)232469822 035 $a(EXLCZ)994100000007110783 100 $a20181103d2019 u| 0 101 0 $aeng 135 $aurcnu|||||||| 181 $ctxt$2rdacontent 182 $cc$2rdamedia 183 $acr$2rdacarrier 200 10$aImpact Behavior and Pedestrian Protection of Automotive Laminated Windshield $eTheories, Experiments and Numerical Simulations /$fby Jun Xu, Yibing Li 205 $a1st ed. 2019. 210 1$aSingapore :$cSpringer Singapore :$cImprint: Springer,$d2019. 215 $a1 online resource (x, 272 pages) $cillustrations 311 $a981-13-2440-9 320 $aIncludes bibliographical references. 327 $aBackground -- Manufacturing of automotive laminated windshield -- Mechanical behavior of the laminated glass -- Constitutive modeling of laminated glass -- Crack initiation and propagation in laminated glass upon the small mass impact -- Full-scale PVB laminated windshield impact experiment by headform -- Numerical simulation on the crack propagation in laminated windshield -- Numerical modeling of the PVB laminated windshield -- Pedestrian protection and energy dissipation of laminated windshield -- Accident reconstruction based on the debris on laminated windshield upon human head impact -- Concluding remarks. 330 $aThis book addresses one of the most important components for pedestrian safety in vehicles ? laminated windshields. It includes detailed real-world material characterization results for laminated glass and testing methodologies, constitutive models, and step-by-step numerical simulation modeling and simulation methods. As such, the book provides readers a thorough understanding of the mechanical behaviors of laminated glass and windshields. It also presents fundamental test data, analysis methodologies and essential insights into laminated glass safety design and mechanical behavior prediction. The book addresses the needs of researchers, engineers and postgraduate students in the fields of automotive engineering, mechanical engineering and related areas. 606 $aAutomotive engineering 606 $aMechanics 606 $aBuilding materials 606 $aEngineering design 606 $aAutomotive Engineering$3https://scigraph.springernature.com/ontologies/product-market-codes/T17047 606 $aClassical Mechanics$3https://scigraph.springernature.com/ontologies/product-market-codes/P21018 606 $aStructural Materials$3https://scigraph.springernature.com/ontologies/product-market-codes/Z11000 606 $aEngineering Design$3https://scigraph.springernature.com/ontologies/product-market-codes/T17020 615 0$aAutomotive engineering. 615 0$aMechanics. 615 0$aBuilding materials. 615 0$aEngineering design. 615 14$aAutomotive Engineering. 615 24$aClassical Mechanics. 615 24$aStructural Materials. 615 24$aEngineering Design. 676 $a629.231 700 $aXu$b Jun$4aut$4http://id.loc.gov/vocabulary/relators/aut$0955314 702 $aLi$b Yibing$4aut$4http://id.loc.gov/vocabulary/relators/aut 906 $aBOOK 912 $a9910350310703321 996 $aImpact Behavior and Pedestrian Protection of Automotive Laminated Windshield$92161320 997 $aUNINA